Peep Show Trivia #2 - Statistics

General Stats
  • This quiz has been taken 1,773 times
    1,712 since last reset
  • The average score is 14 of 25
Answer Stats
Hint Answer % Correct
What birthday did Jeremy celebrate in the series finale? His 40th
90%
What did Mark and Jeremy nickname Jeremy's aunt's gun? Gunny
85%
Who pooed in the pool? Jeremy
83%
Which character was originally supposed to have their own POV and internal monologue (in addition to Mark and Jeremy)? Sophie
82%
What possession of Cally's did Mark smash with a brick while trashing her caravan? Crystal skull
79%
What sort of restaurant does Gail manage? Mexican
79%
What was Jeremy forced to eat on Mark's stag party? A dead dog
78%
Where in London is Peep Show set? Croydon
76%
And then I go and spoil it all by saying something stupid like... I like you
67%
Who wanted Jeremy to get him a kebab? Gog
66%
Where did Jeremy meet Zahra? A hospital
62%
Hitler promised not to invade ______________, Jeremy, welcome to the real world! Czechoslovakia
54%
Sophie's father admitted being a homophobe but denied being what? A badger baiter
53%
Who did the burglar in Mark and Jeremy's flat claim to be looking for? Kenny
51%
Who gave Jeremy and Super Hans a pub for free during a manic episode? Merry
50%
Which character first appeared in series 2 but didn't reappear until series 9? April
49%
What instrument did Daryl play in Jeremy's band? Cor anglais
47%
What is the name of the song used as the theme song from series 2 onwards? Flagpole Sitta
38%
How much money did Johnson offer Jeremy to sleep with Big Suze? £530
33%
What did the band Man Feelings change their name to? Danny Dyer's Chocolate Homunculus
33%
What is the name of Mark's nephew? Joshy
31%
Who was the defendant when Jeremy did jury duty? Carla
26%
Jeremy gave Mark an overdose of which medicine? Lemsip
26%
Who was Mark's boss before Johnson? Barbara
25%
"If it feels good, do it" is whose law? Gaddafi's
25%
No matching quizzes found
Score Distribution
Percent of People with Each Score
Percentile by Number Answered
Your Score History
You have not taken this quiz since the last reset